Proceeding Of The National Institide Of Science Of Inia Vol .22, Pt.B`` (Record no. 589441)

MARC details
000 -LEADER
fixed length control field 00545nam a2200145Ia 4500
008 - FIXED-LENGTH DATA ELEMENTS--GENERAL INFORMATION
fixed length control field 100415s9999 xx 000 0 und d
082 ## - DEWEY DECIMAL CLASSIFICATION NUMBER
Item number 6473
Classification number 500
100 ## - MAIN ENTRY--PERSONAL NAME
Personal name P.N.I
245 ## - TITLE STATEMENT
Title Proceeding Of The National Institide Of Science Of Inia Vol .22, Pt.B``
260 ## - PUBLICATION, DISTRIBUTION, ETC. (IMPRINT)
Place of publication, distribution, etc NEW DELHI
Date of publication, distribution, etc 1956
Name of publisher, distributor, etc Proceeding Of The National Institide Of Science Of
365 ## - TRADE PRICE
Price amount 0
630 ## - SUBJECT ADDED ENTRY--UNIFORM TITLE
Uniform title Proceeding Of The National Institide Of Science Of Inia Vol .22, Pt.B``
730 ## - ADDED ENTRY--UNIFORM TITLE
Uniform title Proceeding Of The National Institide Of Science Of Inia Vol .22, Pt.B``
942 ## - ADDED ENTRY ELEMENTS (KOHA)
Koha item type Book
Holdings
Withdrawn status Lost status Damaged status Not for loan Home library Current library Date acquired Cost, normal purchase price Total Checkouts Full call number Barcode Date last seen Price effective from Koha item type
        Bombay Natural History Society Bombay Natural History Society 10/01/1965 0.00   500 6473 BNHS-6473 04/15/2010 04/15/2010 Book